| 000 | 00828nam a22002537a 4500 | ||
|---|---|---|---|
| 005 | 20201128021113.0 | ||
| 008 | 141027t2013 xxua frb 001 0 eng d | ||
| 020 | _a9780071317092 | ||
| 020 | _a0071317090 | ||
| 040 | _aEG-ScBUE | ||
| 082 | 0 | 0 |
_222 _a621.811 _bNOR |
| 100 | 1 |
_92640 _aNorton, Robert L. |
|
| 245 | 1 | 0 |
_aKinematics and dynamics of machinery / _cRobert L. Norton. |
| 250 | _a2nd ed. in SI units | ||
| 260 |
_aNew York, United States : _bMcGraw Hill Education, _cc.2013 _e(Singapore) |
||
| 300 |
_axviii, 863 p. : _bill. (col.) ; _c24 cm. |
||
| 500 | _aIndex : p. 845-863. | ||
| 504 | _aIncludes bibliographical reference. | ||
| 650 | 0 |
_aMachinery, Kinematics of _917781 |
|
| 650 | 0 |
_aMachinery, Dynamics of _917782 |
|
| 653 |
_bENGMEC _cOctober2014 |
||
| 655 |
_vtext book _933728 |
||
| 942 |
_2ddc _k621.811 NOR |
||
| 999 |
_c18506 _d18478 |
||